000 00745cam a2200253 4500
008 090401t1995 xxu||||| |||| 00| 0 eng d
020 _a1897977182
035 _a(Sirsi) u84322
041 _aeng
050 _a333.0062
245 4 _aThe Ivanhoe career guide to chartered surveyors 1996.
260 _aLondon
_bCambridge Market Intelligence Limited
_c1995
300 _aix,166p. ; 21cm.
350 _a0
490 _aIvanhoe Career Guides
520 _aPublished in association with the RICS.
650 _aCAREERS, EDUCATION AND TRAINING
650 _aABOUT RICS-RICS MEMBERS
650 _aDIRECTORIES
650 _aRICS
690 _aMANAGEMENT-BUSINESS MANAGEMENT-PROFESSIONAL PRACTICE
942 _n0
948 _c19/02/1998
999 _c96932
_d96932